| 000 | 00390nam a22001697a 4500 | ||
|---|---|---|---|
| 003 | NUST - PNEC | ||
| 005 | 20170116181106.0 | ||
| 008 | 151003b xxu||||| |||| 00| 0 eng d | ||
| 020 | _a- | ||
| 040 | _cLIBRARY | ||
| 082 | _a793.730530 ADA | ||
| 100 |
_912644 _aAdamson, R. |
||
| 245 |
_aPhysics quiz _cR. Adamson |
||
| 260 | _cc.1994 | ||
| 650 |
_912647 _aPhysics _xME |
||
| 942 |
_2ddc _cBK |
||
| 999 |
_c68937 _d68937 |
||